000 00506nam a2200169Ia 4500
999 _c6307
_d6307
003 OSt
005 20200122103753.0
008 190216s9999||||xx |||||||||||||| ||und||
020 _a9788129701336
040 _coclc
082 _a658.00182
_bSHA/B
100 _a Sharma, Jitendra Kumar
_9125
245 0 _aBusiness Statistics /
_cJ K Sharma
260 _bPearson Education International,
_c2004.
_aNew Delhi:
300 _a784p
942 _cBK
_2ddc
_h658.00182
_iSHA/B
_k658.00182
_mSHA/B